000 01152nac a22002777a 4500
001 BR8600214
003 BR-BrBNA
005 20240105120351.0
008 230509b bl.|||m| |||| 00| 0 por d
040 _aBR-BrBNA
_bpor
_cBiblioteca Nacional de Agricultura
072 _aE13
090 _aE13 BR8600214
110 1 _aProjeto de Desenvolvimento Integrado da Bacia do Araguaia-Tocantins, Brasilia, DF (Brasil);
110 1 _aOrganizacao dos Estados Americanos, Brasilia, DF (Brasil)
_97733
245 1 _aFinancas publicas municipais da regiao do PRODIAT [Projeto de Desenvolvimento Integrado da Bacia do Araguaia - Tocantins]
246 1 _a[Municipal public finance in the area of the PRODIAT [Integrated Development Project of the Araguaia - Tocantins Basin]]
260 3 _aBrasilia, DF (Brasil):
_c1985.
300 _a419 p.
490 _aEstudos e Pesquisas - Projeto de Desenvolvimento Integrado da Bacia do Araguaia-Tocantins (Brazil)
_vno. 15
_x
500 _a374 tables; 6 ref.
650 _aPROJETO AGRICOLA
650 _aDESPESA
650 _aRECEITA
909 _a202312
_bLúcia Elande
_c55
_dLúcia Elande
942 _2AGRIS
_n0
_cMS
999 _c279096
_d279096